000
00343nam a2200145Ia 4500
003
OSt
005
20240228144623.0
008
170524s9999 xx 000 0 und d
020
_a
978-8125914440
040
_c
IIMT UNIVERSITY
100
_a
Saxena Sanjay
245
2
_a
A FIRST COURSE IN COMPUTER
260
_a
New Delhi:Vikas
942
_2
ddc
_c
02
999
_c
3038
_d
3038